MARC Record
Leader
003
BE-GnUNI
007
't'u
035
a| (MSK)314000226
084
a| II.B.436
245
0
0
a| Hasseltse Musea Nieuwsbrief (nu :
b| Museumnieuws).
546
a| Nederlands
500
a| Tijdschriften
852
4
b| MSK
c| MSK
j| II.B.436
920
a| tijdschrift
001
000044425
005
20241224121705.0